| 000 | 00536nam a22001817a 4500 | ||
|---|---|---|---|
| 999 |
_c191326 _d191326 |
||
| 005 | 20220824170544.0 | ||
| 010 | _aENG-134631 | ||
| 020 |
_c285.00 _a9788193724224 |
||
| 035 | _aEN-118163 | ||
| 037 | _bDBAD/PUB | ||
| 082 | _a921 | ||
| 100 | _aChakraverti, Ipsita Roy | ||
| 245 |
_aBeloved witch/ _cIpsita Roy Chakraverti |
||
| 260 |
_aKolkata _bSilver Rose _c2018 |
||
| 270 |
_a121/1Southern Avenue _bkolkata _msilver-rose.pub@outlook.com _e700029 |
||
| 300 |
_aiii,342p. _c21cm(pbk) |
||
| 942 |
_2ddc _cEN _h921 _mCHA |
||